• AIU
  • Tony Wilmot Memorial Library

"A Church for every people" : the list o. (Record no. 39508)

MARC details
000 -LEADER
fixed length control field 00967nam a22003131a 4500
001 - CONTROL NUMBER
control field 6865934
005 - DATE AND TIME OF LATEST TRANSACTION
control field 20110718133016.0
008 - FIXED-LENGTH DATA ELEMENTS--GENERAL INFORMATION
fixed length control field 930504s1993 couab 000 0 eng d
035 ## - SYSTEM CONTROL NUMBER
-- G479853
035 ## - SYSTEM CONTROL NUMBER
System control number (OCoLC)ocm28038525
035 ## - SYSTEM CONTROL NUMBER
-- D401134
035 ## - SYSTEM CONTROL NUMBER
System control number (WHEdb)315911
040 ## - CATALOGING SOURCE
Original cataloging agency VRD
Transcribing agency VRD
Modifying agency JEV
-- WHEdb
049 ## - LOCAL HOLDINGS (OCLC)
Holding library [REF]JEVB
090 ## - LOCALLY ASSIGNED LC-TYPE CALL NUMBER (OCLC); LOCAL CALL NUMBER (OCLC)
Classification number (OCLC) (R) ; Classification number, CALL (RLIN) (NR) BV2120
Local cutter number (OCLC) ; Book number/undivided call number, CALL (RLIN) .C48 1993
245 03 - TITLE STATEMENT
Title "A Church for every people" : the list o.
260 ## - PUBLICATION, DISTRIBUTION, ETC. (IMPRINT)
Place of publication, distribution, etc Colorado Springs, CO :
Name of publisher, distributor, etc Adopt-A-People Clearingh,
Date of publication, distribution, etc [1993]
300 ## - PHYSICAL DESCRIPTION
Extent ca. 88 p. : ill.
500 ## - GENERAL NOTE
General note Includes bibiliography and index.
650 #0 - SUBJECT ADDED ENTRY--TOPICAL TERM
Topical term or geographic name as entry element Ethnic groups
General subdivision Missions.
650 #0 - SUBJECT ADDED ENTRY--TOPICAL TERM
Topical term or geographic name as entry element Ethnology.
650 #0 - SUBJECT ADDED ENTRY--TOPICAL TERM
Topical term or geographic name as entry element Missions - Anthropological aspects.
650 #0 - SUBJECT ADDED ENTRY--TOPICAL TERM
Topical term or geographic name as entry element Evangelistic work.
650 #0 - SUBJECT ADDED ENTRY--TOPICAL TERM
Topical term or geographic name as entry element Ethnic groups
General subdivision Religion.
700 1# - ADDED ENTRY--PERSONAL NAME
Personal name Jansen, Frank Kaleb.
710 2# - ADDED ENTRY--CORPORATE NAME
Corporate name or jurisdiction name as entry element Adopt-A-People Clearinghouse.
910 ## - USER-OPTION DATA (OCLC)
User-option data 401134
950 10 - LOCAL HOLDINGS (RLIN)
-- GR
-- 940421
-- WCL
-- 178321
Holdings
Withdrawn status Lost status Source of classification or shelving scheme Damaged status Not for loan Collection code Home library Current library Shelving location Date acquired Source of acquisition Cost, normal purchase price Total Checkouts Full call number Barcode Date last seen Copy number Price effective from Koha item type
    Library of Congress Classification     Reference AIU/NEGST - Tony Wilmot Memorial Library AIU/NEGST - Tony Wilmot Memorial Library Reference 02/02/2010 donation 21.50   REF BV 2120.C48 1993 R20464P3232 09/26/2019 1 02/02/2010 Reference